Η διαμόρφωση μιας οργανωμένης εταιρικής σχέσης της ΕΕ με τους γείτονές της : το παράδειγμα της ένωσης με τη Μεσόγειο : διπλωματική εργασία [πτυχιακή εργασία]

Αποθηκεύτηκε σε:
Λεπτομέρειες βιβλιογραφικής εγγραφής
Κύριος συγγραφέας: Περάκη, Αναστασία
Συγγραφή απο Οργανισμό/Αρχή: Πανεπιστήμιο Αιγαίου Σχολή Ανθρωπιστικών Επιστημών Τμήμα Μεσογειακών Σπουδών
Άλλοι συγγραφείς: Ντάλης, Σωτήρης (Εισηγητής διατριβής)
Μορφή: Thesis Βιβλίο
Γλώσσα:Greek
Δημοσίευση: 2010
Θέματα:
Διαθέσιμο Online:http://hdl.handle.net/11610/8249
Ετικέτες: Προσθήκη ετικέτας
Δεν υπάρχουν, Καταχωρήστε ετικέτα πρώτοι!

MARC

LEADER 00000cam a2200000 i 4500
001 1/17516
008 120201s2010 gre d
035 |l 10111745 
040 |a GR-MY-UA  |b gre  |e aacr 
041 0 |a gre 
082 0 |a 327.094  |2 (22) 
100 1 |a Περάκη, Αναστασία. 
245 1 2 |a Η διαμόρφωση μιας οργανωμένης εταιρικής σχέσης της ΕΕ με τους γείτονές της :  |b το παράδειγμα της ένωσης με τη Μεσόγειο : διπλωματική εργασία [πτυχιακή εργασία] /  |c Περάκη Αναστασία ; επιβλέπων: Ντάλης Σωτήριος 
260 |c 2010 
300 |a 138 σ.;  |b χαρτ.;  |c 30 εκ. 
500 |a Μέλη εξεταστικής επιτροπής: Σεϊμένης Ιωάννης, Τριανταφύλλου Δημήτριος 
502 |a Πτυχιακή εργασία – Πανεπιστήμιο Αιγαίου, Ρόδος, 2010. 
504 |a Βιβλιογραφία: σ. 118-127 
650 0 0 |a Dissertations, Academic  |z Greece. 
651 0 |a European Union countries  |x Foreign economic relations  |z Mediterranean Region. 
651 0 |a Mediterranean Region  |x Foreign relations  |z European Union countries. 
700 1 |a Ντάλης, Σωτήρης.  |4 ths 
710 2 |a Πανεπιστήμιο Αιγαίου  |b Σχολή Ανθρωπιστικών Επιστημών  |b Τμήμα Μεσογειακών Σπουδών. 
852 |a INST  |b RHODES  |c DIATR  |e 20120201  |h 327.094 ΠΕΡ  |p 005400033972  |q 005400033972  |t DIE  |y 23 
852 |a INST  |b RHODES  |c DIATR  |e 20120201  |h 327.094 ΠΕΡ  |p 005400033973  |q 005400033973  |t DIE  |y 23 
856 |u http://hdl.handle.net/11610/8249 
901 |a BIBL4-2012-1 
909 |a Ρ  |b 170605 
909 |a Ρ  |b 170606 
924 |a ΠΕΡΑΚΗ  |b ΑΝΑΣΤΑΣΙΑ  |y ΡΟΔΟΣ  |z 2010-07 
970 |z 2012/02/01